00789nam a2200217 a 450000100100000000500170001000800410002702000150006804000250008308200150010810000240012324501200014726000430026730000210031049000120033150000420034370000370038583000190042295201130044199900170055400003546520200930074348.0111101s1993 sp 000 0 spa d a847640753x aDO-SdBNPbspacBNPHU axxxxbxxxx1 aShah, Idries96131813aLa sabiduría de los idiotas :bcuentos de la tradición sufí /cIdries Shah ; traducción Alfonso Colodrón. aMadrid, :bArca de sabiduría,c1993. a197 p. ;c18 cm.1 aEdafv9 aIncluye notas al pie de las páginas1 aColodrón, Alfonso,etr.961319 0aEdafn9961320 001050718MOaGRbGRcHDd2011-11-01iLF1l0oxxxx xxxxp35465-10r2020-06-25w2020-06-25y1ZNo se presta c34956d34956